Vykonávanie právnych úkonov a využívanie prostriedkov výpočtovej techniky Výskumná úloha. ŠPEV 909 003.03

Guardado en:
Detalles Bibliográficos
Autor principal: Šmeringai, Peter
Formato: Libro
Lenguaje:eslovaco
Publicado: Bratislava Ústav hospodárskeho práva 1986
Edición:1. vyd.
Colección:Výskumná úloha Č. 120
Etiquetas: Agregar Etiqueta
Sin Etiquetas, Sea el primero en etiquetar este registro!

MARC

LEADER 00000nam a2200000 4500
001 c024360
005 20221219101028.7
041 0 |a slo 
044 |a SK 
245 1 0 |a Vykonávanie právnych úkonov a využívanie prostriedkov výpočtovej techniky  |b Výskumná úloha. ŠPEV 909 003.03  |c Peter Šmeringai 
250 |a 1. vyd. 
264 1 |a Bratislava  |b Ústav hospodárskeho práva  |c 1986 
300 |a 47 s. 
490 1 |a Výskumná úloha  |v Č. 120 
830 0 |a Výskumná úloha  |v Č. 120 
100 1 |a Šmeringai, Peter